000 00527-am-a2200181-a-4500
001 YSU0196869
003 AM-YEHGA
005 20250617163952.0
008 990514s1962 xxu 000 0 rus u
020 _c0.25
040 _aAM-YeHGA
100 1 0 _aВешев, А.В.
245 1 0 _aЭлектроразведочная аппаратура низкой частоты /
_cА.В. Вешев
260 0 _aЛ. :
_bГостоптехиздат ,
_c1962.
300 _a49 с.
650 4 _aГеология
090 _c519185
999 _c515644
_d515644